| 000 | 00557nam a22001697a 4500 | ||
|---|---|---|---|
| 999 |
_c172381 _d172381 |
||
| 005 | 20200211174740.0 | ||
| 010 | _aENG-127635 | ||
| 020 |
_a9789389146721 _c150.00 |
||
| 035 | _aEN-111167 | ||
| 037 | _bDBAD/PUB | ||
| 082 | _a658.3 | ||
| 245 |
_aStrategic Human Resource management- A Global Perspective: _cResearch Enhancement Initiative 2019-20120/ |
||
| 260 |
_aTamil Nadu _bShanlax _c2019 |
||
| 270 |
_bTamil Nadu _a61,66 T.P.K. Main Road Vasantha Nagar Madurai _e625003 |
||
| 300 |
_a353p. _b24cm(hb) |
||
| 942 |
_2ddc _cEN _h658.3 _mSTR |
||